Statistics for Untouchable lyrics

Click here to take the quiz!

General Stats

  • This quiz has been taken 135 times
    (134 since last reset)
  • The average score is 289 of 331

Answer Stats

Lyrics% Correct
Untouchable
100%
Untouchable,
100%
untouchable,
100%
untouchable
100%
a
95%
I
95%
in
95%
In
95%
like
95%
the
95%
You
95%
you
95%
you,
95%
night,
94%
night
94%
your
94%
dream
92%
dream,
92%
I'm
92%
it's
92%
It's
92%
on,
92%
on
92%
be
91%
middle
91%
of
91%
out
91%
this
91%
to
91%
we
91%
when
91%
and
90%
And
90%
can
90%
come
90%
Come
90%
name
90%
that
90%
little
88%
Little
88%
million
88%
stars
87%
can't
86%
feel
86%
Say
86%
than
86%
you're
86%
coming
84%
oh
84%
Oh,
84%
oh,
84%
spelling
84%
sun
84%
undone
84%
we'll
84%
brighter
83%
heaven
83%
just
83%
my
83%
up
83%
gotta
82%
together
82%
me
81%
tell
81%
why
81%
burning
79%
by
79%
sky
78%
taste
78%
side
77%
But
75%
caught
75%
distant
75%
close
74%
close,
74%
diamond
74%
reaching
73%
here
71%
Now
71%
now
71%
next
69%
wanna
68%
all
65%
know
64%
day
62%
standing
60%
you'd
60%
anyway
58%
won't
58%
wait
57%
saying
55%
half
51%
full
48%
form
47%

Score Distribution

Percentile by Number Answered

Percent of People with Each Score

Your Score History

You have not taken this quiz since the last reset